| 000 | 00599cam a22002171 4500 | ||
|---|---|---|---|
| 001 | sa 66001065 | ||
| 003 | DLC | ||
| 005 | 20260227112219.0 | ||
| 008 | 960922s195u pk 000 0 pusr | ||
| 010 | _asa 66001065 | ||
| 025 | _aPL480:P-Pushto-220 | ||
| 035 | _a(OCoLC)35601626 | ||
| 040 |
_aDLC _cCLU _dCLU _dDLC |
||
| 042 | _apremarc | ||
| 050 | 0 | 0 |
_aPK6820.J3 _bD24 |
| 100 | 0 | _aJamshayd. | |
| 245 | 1 | 0 |
_aDa wiṣāl shpah. _cAuthor: da topạy Jamshayd. |
| 260 |
_aPishāwar, _bḤājī Muḥammad, ʻAbd al-Khāliq, Faz̤al Mālik _c[195-?] |
||
| 300 |
_a48 p. _c26 cm. |
||
| 500 | _aPoems. | ||
| 999 |
_c67572 _d67572 |
||